01502nam a2200241Ia 4500008004100000020001500041041001200056082001100068100001600079245007800095260002500173300000800198650000800206700001500214700001900229942000700248999001500255952019800270952019800468952019800666952019800864952019801062221030s9999 xx 000 0 und d a0070601852 aEnglish a105.23 aJ. D. Kraus 0aAntennas for all Applicationscby J. D. Kraus, R. J. Marhefka, A. S. Khan bTMHaNew Delhic2009 a962 aECE aA. S. Khan aR. J. Marhefka cBK c8978d8978 pBE 10662g395.00i158l0o105.23 eDurga Books, Amritsarr2024-06-13 00:00:00w2022-10-30yBK003Print4070aMIETLIBbMIETLIBcBL-Academic Block B, FL-2, CUP-158, SH-2, R-2d2010-03-1210HBE pBE 10663g395.00i158l0o105.23 eDurga Books, Amritsarr2024-06-13 00:00:00w2022-10-30yBK003Print4070aMIETLIBbMIETLIBcBL-Academic Block C, FL-2, CUP-158, SH-1, R-1d2010-03-1210HBE pBE 10664g395.00i158l0o105.23 eDurga Books, Amritsarr2024-06-13 00:00:00w2022-10-30yBK003Print4070aMIETLIBbMIETLIBcBL-Academic Block C, FL-2, CUP-158, SH-1, R-1d2010-03-1210HBE pBE 10665g395.00i158l0o105.23 eDurga Books, Amritsarr2024-06-13 00:00:00w2022-10-30yBK003Print4070aMIETLIBbMIETLIBcBL-Academic Block C, FL-2, CUP-158, SH-1, R-1d2010-03-1210HBE pBE 10666g395.00i158l0o105.23 eDurga Books, Amritsarr2024-06-13 00:00:00w2022-10-30yBK003Print4070aMIETLIBbMIETLIBcBL-Academic Block C, FL-2, CUP-158, SH-1, R-1d2010-03-1210HBE